| 000 | 00942nas a2200265 4500 | ||
|---|---|---|---|
| 001 | BR9207894 | ||
| 003 | BR-BrBNA | ||
| 005 | 20231205093044.0 | ||
| 007 | ta | ||
| 008 | 230509b bl.|||p| |||| 00| 00por d | ||
| 040 |
_aBR-BrBNA _bpor _cBiblioteca Nacional de Agricultura |
||
| 041 | _a(Pt) | ||
| 072 | _aP06 | ||
| 100 | 1 | _aCalazans, G.M.T. | |
| 100 | 1 | _aRios, E.M. | |
| 100 | 1 | _aMorais, J.O.F. de | |
| 245 | 1 | _aEfeito da concentracao de glicose, do pH inicial e da temperatura na fermentacao alcoolica por Zymomonas mobilis zap. | |
| 246 | 1 | _aEffect of glucose concentration, initial pH, and temperature on the alcoholic fermentation by Zymomonas mobilis zap. | |
| 650 | _aETANOL | ||
| 650 | _aGLICOSE | ||
| 650 | _aFERMENTACAO ALCOOLICA | ||
| 773 | 0 |
_tArquivos de Biologia e Tecnologia (Brazil) _xISSN 0365-0979 _g(Aug 1990), v. 33(2) p. 439-455 _wBR9207894 |
|
| 909 |
_a202311 _bLúcia _c55 _dLúcia Elande |
||
| 942 |
_2AGRIS _n0 _cANA |
||
| 999 |
_c135933 _d135933 |
||